000 01133nam a22002417a 4500
001 7355
003 FISKH
005 20250807114355.0
008 250710b cb ||||| |||| 00| 0 eng d
020 _a9781894965651
040 _aFISKH
_beng
_cFISKH
_dFISKH
050 _aPZ7
082 _a707
100 _aGutierrez, Elisa
245 _aPicturescape /
_cElisa Gutierrez
260 _aVancouver :
_bSimply Read Books,
_c2005.
300 _a40 unnumbered pages :
_bcolor illustrations ;
_c25 x 27 cm
505 _aNP
520 _aWhen a young boy visits the local art gallery, he is whisked away on a cross-country Canadian journey as he moves from painting to painting. Each collage image in this magical book was created with colored pencils and cut paper and inspired by some of the most beloved Canadian artists. Referenced are Emily Carr, Tom Thomson, J.E.MacDonald, David Blackwood, Alex Colville, Ivan Eyre, Lawrence Harris, E.J. Hughes, William Kurelek, J.P.Lemieux, Christopher Pratt, and Gaugnet.
650 _aPicture book
_vChildren's book
_xCreativity
_yAart museums
942 _2ddc
_cBK
_n0
999 _c7355
_d7355